Festival matemático: desarrollo del pensamiento visual y espacial

Saved in:
Bibliografiske detaljer
Hovedforfatter: Casas Alfonso, Esperanza (Author)
Format: Bog
Sprog:spansk
Udgivet: Bogotá Magisterio 2000
Serier:Colección Aula Alegre
Fag:
Tags: Tilføj Tag
Ingen Tags, Vær først til at tagge denne postø!

MARC

LEADER 00000nam a2200000 a 4500
001 UCM8314
003 CL-VaPUC
008 030307e20000000CK |||||||||||||||||spa|d
082 0 4 |a 793.74  |b CAS  |2 21 
100 0 |a Casas Alfonso, Esperanza  |e author  |9 474306 
245 1 0 |a Festival matemático: desarrollo del pensamiento visual y espacial 
300 |a 149 p 
942 |c BK 
945 |d 20030307 00:00:00  |a vberengu 
260 |a Bogotá  |b Magisterio  |c 2000 
650 7 |a MATEMATICAS RECREATIVAS  |2 CL-VaPUC  |9 269273 
650 0 |a Matemáticas  |x Enseñanza  |9 875527 
650 7 |a JUEGOS MATEMATICOS  |2 CL-VaPUC  |9 474308 
583 |a last modification  |c 20030307 00:00:00  |k Rodrigo Vera 
490 0 |a Colección Aula Alegre 
999 |c 302852  |d 302850 
952 |0 0  |1 0  |4 0  |6 793_740000000000000_CAS_2000  |7 0  |8 A  |9 363642  |a BIBMAT  |b BIBMAT  |c E_DIDACT  |d 2019-11-21  |i 387253K  |o 793.74 CAS 2000  |p 387253K  |r 2025-01-07  |w 2019-11-21  |y BK  |k MAT